000 00324nam a22001457a 4500
020 _a978-1-265-05670-4
082 _a658.8
100 _aGrewal, Dhruw
245 _aM: Marketing
250 _a8th
260 _aNew York:
_bMcGraw-Hill,
_c2023
300 _axvi, 507p.: ill.; 27cm
700 _aLevy, Michael
942 _cBK
999 _c22206
_d22206